Trial of Gandhiji. (Record no. 70492)

MARC details
000 -LEADER
fixed length control field 00701cam a22002651 4500
001 - CONTROL NUMBER
control field sa 66006379
003 - CONTROL NUMBER IDENTIFIER
control field DLC
005 - DATE AND TIME OF LATEST TRANSACTION
control field 20260227112256.0
008 - FIXED-LENGTH DATA ELEMENTS--GENERAL INFORMATION
fixed length control field 780919s1965 ii ach b 001 0beng
010 ## - LIBRARY OF CONGRESS CONTROL NUMBER
LC control number sa 66006379
025 ## - OVERSEAS ACQUISITION NUMBER
Overseas acquisition number PL480:I-E-5911
035 ## - SYSTEM CONTROL NUMBER
System control number (OCoLC)4236417
040 ## - CATALOGING SOURCE
Original cataloging agency DLC
Transcribing agency IU
Modifying agency OCoLC
-- DLC
042 ## - AUTHENTICATION CODE
Authentication code premarc
043 ## - GEOGRAPHIC AREA CODE
Geographic area code a-ii---
050 00 - LIBRARY OF CONGRESS CALL NUMBER
Classification number DS481.G3
Item number T68
082 ## - DEWEY DECIMAL CLASSIFICATION NUMBER
Classification number 343.310924
245 00 - TITLE STATEMENT
Title Trial of Gandhiji.
260 ## - PUBLICATION, DISTRIBUTION, ETC.
Place of publication, distribution, etc. Ahmedabad,
Name of publisher, distributor, etc. V.R. Shah
Date of publication, distribution, etc. [1965]
300 ## - PHYSICAL DESCRIPTION
Extent xi, xlv, 268 p.
Other physical details illus., facsims., ports.
Dimensions 30 cm.
504 ## - BIBLIOGRAPHY, ETC. NOTE
Bibliography, etc. note Bibliography: p. xlv.
500 ## - GENERAL NOTE
General note Includes index.
600 10 - SUBJECT ADDED ENTRY--PERSONAL NAME
Personal name Gandhi,
Titles and other words associated with a name Mahatma,
Dates associated with a name 1869-1948.
700 1# - ADDED ENTRY--PERSONAL NAME
Personal name Shah, V. R.

No items available.

Powered by Koha